Oracle 8 DBA: Databse Administration (Record no. 346601)

000 -LEADER
fixed length control field 00503 a2200181 4500
003 - CONTROL NUMBER IDENTIFIER
control field OSt
005 - DATE AND TIME OF LATEST TRANSACTION
control field 20180116182823.0
008 - FIXED-LENGTH DATA ELEMENTS--GENERAL INFORMATION
fixed length control field 170721b xxu||||| |||| 00| 0 eng d
020 ## - INTERNATIONAL STANDARD BOOK NUMBER
International Standard Book Number 8177220047
040 ## - CATALOGING SOURCE
Transcribing agency 0
082 ## - DEWEY DECIMAL CLASSIFICATION NUMBER
Classification number 005.75 COL 2000
100 ## - MAIN ENTRY--PERSONAL NAME
Personal name Paul Collins
245 ## - TITLE STATEMENT
Title Oracle 8 DBA: Databse Administration
Statement of responsibility, etc. Paul Collins
260 ## - PUBLICATION, DISTRIBUTION, ETC.
Place of publication, distribution, etc. Dreamtech Press
Name of publisher, distributor, etc. New Delhi
Date of publication, distribution, etc. 2000
300 ## - PHYSICAL DESCRIPTION
Extent 404p.
Other physical details pb
440 ## - SERIES STATEMENT/ADDED ENTRY--TITLE
Title Oracle 8 DBA: Databse Administration
942 ## - ADDED ENTRY ELEMENTS (KOHA)
Institution code [OBSOLETE] NBS
Koha item type Book
Call number prefix 005.75 COL1997
Source of classification or shelving scheme
Holdings
Withdrawn status Lost status Damaged status Not for loan Collection code Permanent Location Current Location Shelving location Date acquired Total Checkouts Full call number Barcode Date last seen Date last checked out Price effective from Koha item type Source of classification or shelving scheme
          Central Library (CL) Central Library (CL) First Floor - Databases 07/26/2017 2 005.75 COL 2000 NBS4071 08/08/2017 08/01/2017 08/28/2013 Book  
          Central Library (CL) Central Library (CL) First Floor - Databases 07/26/2017 1 005.75 COL 2000 NBS4182 11/22/2017 07/19/2017 08/28/2013 Book  
          Central Library (CL) Central Library (CL) First Floor - Databases 08/08/2017 1 005.75 COL 2000 NBS4172 11/22/2017 08/08/2017 08/08/2017 Book  
© 2023 Central Library, National University of Sciences and Technology. All Rights Reserved.